000 00447nam a2200169Ia 4500
005 20250508163320.0
008 008 250505s9999 xx 000 0 eng d
037 _aTextual
040 _aFEDL
_beng
_cFEDL
041 _aeng
_2eng
084 _a597, ZIM
_qFEDL
100 _aZim Herbert S
245 0 _aSnakes
260 _aNew York, USA
_bWilliam Morrow and Company
_c1949
942 _cTEXL
_h597, ZIM
999 _c1382272
_d1382272